| 000 | 00657nam a2200253Ia 4500 | ||
|---|---|---|---|
| 003 | OSt | ||
| 005 | 20220912151347.0 | ||
| 006 | a|||||r|||| 00| 0 | ||
| 007 | ta | ||
| 008 | 220909b |||||||| |||| 00| 0 eng d | ||
| 024 | _a62527 | ||
| 037 | _cTextual | ||
| 040 |
_aCSL _beng _cCSL |
||
| 041 | _aeng | ||
| 082 | _aB29M42, K2 TB | ||
| 100 | _aJacobson Nathan | ||
| 245 | 0 | _aLie algebras | |
| 260 |
_aNew York _b Dover Pub _c1962 |
||
| 300 |
_aix, 331p. _ccm. |
||
| 490 | _aDover books on advanced mathematics | ||
| 650 | _aAlgebra | ||
| 942 |
_hB29M42, K2 TB _cTEXL _2CC |
||
| 999 |
_c66974 _d66974 |
||